Liturgical year vol. 1 / (Record no. 931)

MARC details
000 -LEADER
fixed length control field 00548nam a2200205 4500
003 - CONTROL NUMBER IDENTIFIER
control field OSt
005 - DATE AND TIME OF LATEST TRANSACTION
control field 20240621083439.0
008 - FIXED-LENGTH DATA ELEMENTS--GENERAL INFORMATION
fixed length control field 240620b |||||||| |||| 00| 0 eng d
020 ## - INTERNATIONAL STANDARD BOOK NUMBER
International Standard Book Number 9715100848
040 ## - CATALOGING SOURCE
Original cataloging agency DWCL-Main lib.
Transcribing agency OC
082 ## - DEWEY DECIMAL CLASSIFICATION NUMBER
Classification number Fil. 264 R111L 1994
006 - FIXED-LENGTH DATA ELEMENTS--ADDITIONAL MATERIAL CHARACTERISTICS
fixed length control field a
100 ## - MAIN ENTRY--PERSONAL NAME
Personal name Raas, Bernhard SVD
245 ## - TITLE STATEMENT
Title Liturgical year vol. 1 /
260 ## - PUBLICATION, DISTRIBUTION, ETC.
Place of publication, distribution, etc. Manila:
Name of publisher, distributor, etc. Logos Publications, Inc.,
Date of publication, distribution, etc. c1994.
300 ## - PHYSICAL DESCRIPTION
Other physical details 215 p. ;
Dimensions 22 cm.
504 ## - BIBLIOGRAPHY, ETC. NOTE
Bibliography, etc. note Includes selected bibliography.
650 ## - SUBJECT ADDED ENTRY--TOPICAL TERM
Topical term or geographic name entry element 1. Liturgy.
942 ## - ADDED ENTRY ELEMENTS (KOHA)
Source of classification or shelving scheme Dewey Decimal Classification
Suppress in OPAC No
Koha item type Book-Filipiniana
Call number prefix Fil.
Holdings
Withdrawn status Lost status Source of classification or shelving scheme Damaged status Not for loan Home library Current library Shelving location Date acquired Source of acquisition Total Checkouts Full call number Barcode Date last seen Copy number Price effective from Koha item type Uniform Resource Identifier
    Dewey Decimal Classification     College Library College Library Filipiniana 09/07/2007 School Fund   Fil. 264 R111L 1994 CL33636 06/20/2024 c1 06/20/2024 Book-Filipiniana
    Dewey Decimal Classification     College Library College Library Filipiniana 09/07/2007 School Fund   Fil. 264 R111L 1994 CL33638 06/20/2024 c2 06/20/2024 Book-Filipiniana
    Dewey Decimal Classification     College Library College Library Filipiniana 09/07/2007 School Fund   Fil. 264 R111L 1994 CL45111 06/20/2024 c3 06/20/2024 Book-Filipiniana
    Dewey Decimal Classification     College Library College Library Filipiniana 09/07/2007 School Fund   Fil. 264 R111L 1994 CL45112 06/20/2024 c4 06/20/2024 Book-Filipiniana
    Dewey Decimal Classification     College Library College Library Filipiniana 09/07/2007 School Fund   Fil. 264 R111L 1994 CL45136 06/20/2024 c5 06/20/2024 Book-Filipiniana
    Dewey Decimal Classification     College Library College Library Filipiniana 10/09/2012 Replacement   Fil. 264 R111L 1994 CL49621 06/20/2024 c6 06/20/2024 Book-Filipiniana
    Dewey Decimal Classification     College Library College Library Filipiniana 10/09/2012 Replacement   Fil. 264 R111L 1994 CL49622 06/20/2024 c7 06/20/2024 Book-Filipiniana
    Dewey Decimal Classification     College Library College Library Filipiniana 06/04/2012 Donation   Fil. 264 R111L 1994 CL49409 06/21/2024 c8 06/20/2024 Book-Filipiniana